Missing Word: Germany A-Z Quiz Stats

 Plays Quiz Updated Sep 14, 2017

Challenge
Share
Tweet
Embed
Score 0/26 Timer 03:00
0 Plays Today
Hint Missing Word % Correct
________-Benz (Car manufacturer)Mercedes
97.5%
Albert ________ (Scientist)Einstein
97.3%
Ludwig van _________ (Composer)Beethoven
97.1%
___ Marx (Philosopher)Karl
96.4%
_____ Klum (Model)Heidi
96%
____ Curtain (Cold War border)Iron
93.2%
Brat____ (Food)Wurst
90.6%
____ von Bismarck (Politician)Otto
90.4%
Brandenburg ____ (Tourist attraction)Gate
88.5%
______ Merkel (Politician)Angela
87.2%
______ Wolfgang von Goethe (Writer)Johann
72.2%
__________ Charlie (Tourist attraction)Checkpoint
67.2%
_________ am Main (City)Frankfurt
63.1%
Hint Missing Word % Correct
Friedrich _____ (Philosopher)Nietzsche
58.5%
Michael __________ (Racing driver)Schumacher
58%
Hans ______ (Film composer)Zimmer
54.4%
Borussia ________ (Soccer club)Dortmund
52.8%
North _____-Westphalia (State)Rhine
43.6%
______ Matthäus (Soccer player)Lothar
33.9%
_________ Platz (Square in Berlin)Potsdamer
33.2%
_____ Hotel (Pop/rock band)Tokio
33%
Jan _______ (Bicycle racer)Ullrich
33%
Mecklenburg-__________ (State)Vorpommern
25.4%
______ Naidoo (Soul and R&B singer)Xavier
23.7%
New______ (Fashion label)Yorker
16.8%
Old town of ___________ (Unesco heritage)Quedlinburg
9.3%

Today's Daily Dose

Word Ladder
Bruno Mars Song

Get the Picture
Japanese Cars

You're not logged in!

Compare scores with friends on all Sporcle quizzes.
OR
Log In

You Might Also Like...

Show Comments

Extras

Top Quizzes Today


Score Distribution

Your Account Isn't Verified!

In order to create a playlist on Sporcle, you need to verify the email address you used during registration. Go to your Sporcle Settings to finish the process.

Report this User

Report this user for behavior that violates our Community Guidelines.

Details: